Význam platobnej politiky a úroveň podnikového cash manažmentu diplomová práca

Saved in:
Bibliographic Details
Main Author: Krupaničová, Martina
Corporate Author: Fakulta podnikového manažmentu EU. Katedra podnikových financií
Other Authors: Kubranová, Magdaléna, 1956-
Format: Book
Language:Slovak
Published: Bratislava 2016
Tags: Add Tag
No Tags, Be the first to tag this record!

MARC

LEADER 00000nbm a2200000 4500
001 0218309
005 20170220102208.5
041 0 |a slo 
044 |a SK 
245 1 0 |a Význam platobnej politiky a úroveň podnikového cash manažmentu  |b diplomová práca  |c Martina Krupaničová ; školiteľ: Magdaléna Kubranová 
264 1 |a Bratislava  |c 2016 
300 |a 71 s. 
100 1 |a Krupaničová, Martina 
700 1 |a Kubranová, Magdaléna, 1956- 
710 2 |a Fakulta podnikového manažmentu EU. Katedra podnikových financií